Catálogo público

La interrelación agricultura-industria en la región de Aguascalientes y zona media de San Luis Potosí en los sistemas-producto hortalizas, frutas y lácteos / (Record no. 220756)

MARC details
000 -CABECERA
campo de control de longitud fija 02027nam a2200337 a 4500
003 - IDENTIFICADOR DEL NÚMERO DE CONTROL
campo de control Mxchpua
005 - FECHA Y HORA DE LA ÚLTIMA TRANSACCIÓN
campo de control 20250805123313.0
007 - CAMPO FIJO DE DESCRIPCIÓN FÍSICA--INFORMACIÓN GENERAL
campo de control de longitud fija ta
008 - DATOS DE LONGITUD FIJA--INFORMACIÓN GENERAL
campo de control de longitud fija 250728s2025 mx ado|fs|||| 001 0 spa d
040 ## - FUENTE DE LA CATALOGACIÓN
Centro catalogador/agencia de origen mxchpua
090 ## - LOCALMENTE ASIGNADO TIPO-LC NÚMERO DE CLASIFICACIÓN (OCLC); NÚMERO DE CLASIFICACIÓN LOCAL (RLIN)
Número de clasificación (OCLC) (R) ; Numero de clasificación, CALL (RLIN) (NR) T.C.967
Número cutter local (OCLC) ; Número de libro/Signatura topográfica íntegra, CALL (RLIN) F56 IAI
Año 2025
245 1# - MENCIÓN DE TÍTULO
Título La interrelación agricultura-industria en la región de Aguascalientes y zona media de San Luis Potosí en los sistemas-producto hortalizas, frutas y lácteos /
Mención de responsabilidad, etc. coordinador Emmanuel Flores Girón ; colaboradores José Αntonio Abadía Calderón...[y otros]
260 ## - PUBLICACIÓN, DISTRIBUCIÓN, ETC.
Lugar de publicación, distribución, etc. Chapingo, México :
Nombre del editor, distribuidor, etc. El autor,
Fecha de publicación, distribución, etc. 2025
300 ## - DESCRIPCIÓN FÍSICA
Extensión 1 recurso en línea (374 páginas) :
Otras características físicas ilustraciones, tablas, gráficas, fotografías
336 ## - TIPO DE CONTENIDO
Fuente rdacontent
Término de tipo de contenido Texto
Código de tipo de contenido txt
337 ## - TIPO DE MEDIO
Fuente rdamedia
Nombre/término del tipo de medio computadora
Código del tipo de medio c
338 ## - TIPO DE SOPORTE
Fuente rdacarrier
Nombre/término del tipo de soporte recurso en línea
Código del tipo de soporte cr
500 ## - NOTA GENERAL
Nota general Grado: 5° año Grupo: 2<br/>Directorio : páginas 123-128
502 ## - NOTA DE TESIS
Nota de tesis Viaje de Estudios
Tipo de título (IAI) --
Nombre de la institución que otorga el título UACh. Departamento de Ingeniería Agroindustrial,
Año de obtención del título 2025
504 ## - NOTA DE BIBLIOGRAFÍA, ETC.
Nota de bibliografía, etc. Bibliografía : páginas 363-374
505 00 - NOTA DE CONTENIDO CON FORMATO
Nota de contenido con formato Visitas: --
Título 1. Frutland S.A. de C.V.--<br/>2. Flor de calvillo S. de R.L. de C.V. --<br/>3. Ates don Naty --<br/>4. Guayeco --<br/>5. CEGALAC --<br/>6. Granja Morelos --<br/>7. Quesos Panamericanos --<br/>8. Granja Makelisa --<br/>9. Quesería El Jaral --<br/>10. Quesería El Charqueño --<br/>11. Quesería Charqueño --<br/>12. FIRA --<br/>13. Comité Estatal de Sanidad Vegetal de Aguascalientes --<br/>14. Comité Estatal de Sanidad Vegetal de San Luis Potosí.
650 13 - PUNTO DE ACCESO ADICIONAL DE MATERIA--TÉRMINO DE MATERIA
Término de materia o nombre geográfico como elemento de entrada Industria de las hortalizas
9 (RLIN) 162474
Subdivisión general México
650 13 - PUNTO DE ACCESO ADICIONAL DE MATERIA--TÉRMINO DE MATERIA
Término de materia o nombre geográfico como elemento de entrada Industria lechera
Subdivisión general México
9 (RLIN) 144434
650 13 - PUNTO DE ACCESO ADICIONAL DE MATERIA--TÉRMINO DE MATERIA
Término de materia o nombre geográfico como elemento de entrada Frutos
Subdivisión general Industria y comercio
Subdivisión geográfica México
9 (RLIN) 153646
650 13 - PUNTO DE ACCESO ADICIONAL DE MATERIA--TÉRMINO DE MATERIA
Término de materia o nombre geográfico como elemento de entrada Vegetable industry
9 (RLIN) 162475
Subdivisión general Mexico
650 13 - PUNTO DE ACCESO ADICIONAL DE MATERIA--TÉRMINO DE MATERIA
Término de materia o nombre geográfico como elemento de entrada Dairy industry
Subdivisión geográfica Mexico
9 (RLIN) 152363
650 13 - PUNTO DE ACCESO ADICIONAL DE MATERIA--TÉRMINO DE MATERIA
Término de materia o nombre geográfico como elemento de entrada Fruits
Subdivisión general Industria y comercio
Subdivisión geográfica Mexico
9 (RLIN) 163048
700 1# - PUNTO DE ACCESO ADICIONAL--NOMBRE DE PERSONA
Nombre de persona Flores Girón, Emmanuel
9 (RLIN) 161718
Término indicativo de función/relación coordinador
700 1# - PUNTO DE ACCESO ADICIONAL--NOMBRE DE PERSONA
Nombre de persona Abadía Calderón, José Antonio
9 (RLIN) 189855
Término indicativo de función/relación colaborador
856 41 - LOCALIZACIÓN Y ACCESO ELECTRÓNICOS
Texto de enlace DESCARGAR REPORTE
Identificador Uniforme del Recurso <a href="http://10.13.5.2/ve/TC967_IAI/TC967_IAI_2025-REPORTE.pdf">http://10.13.5.2/ve/TC967_IAI/TC967_IAI_2025-REPORTE.pdf</a>
Holdings
Estado de retiro Estado de pérdida Fuente del sistema de clasificación o colocación Estado dañado No para préstamo Código de colección Localización permanente Ubicación/localización actual Ubicación en estantería Fecha de adquisición Fuente de adquisición Total de préstamos Signatura topográfica completa Código de barras Fecha visto por última vez Precio válido a partir de Tipo de ítem Koha
    Clasificación Universidad Autónoma de Chapingo     Viajes de estudio - En línea Ingenieria Agroindustrial Ingenieria Agroindustrial En línea 28/07/2025 El autor   T.C.967 F56 IAI 2025 1206015644 28/07/2025 28/07/2025 Viajes de Estudio - En línea